[Event "Bassano del Grappa Easter op-A 2nd"]
[Site "Bassano del Grappa"]
[Date "2022.04.17"]
[Round "7"]
[White "Bachi, Jacopo"]
[Black "Flir, Emilio"]
[Result "1/2-1/2"]
[WhiteElo "1671"]
[BlackElo "1865"]
[PlyCount "56"]
[EventDate "2022.04.14"]
[EventType "swiss"]
[EventRounds "9"]
[EventCountry "ITA"]
[SourceTitle "EXT 2024"]
[Source "ChessBase"]
[SourceDate "2023.10.10"]
[SourceVersion "1"]
[SourceVersionDate "2023.10.10"]
[SourceQuality "1"]

1. e4 c5 2. Nf3 d6 3. d4 cxd4 4. Nxd4 Nf6 5. Nc3 g6 6. Be2 Bg7 7. Be3 0-0 8. 0-0 Nc6 9. f3 d5 10. exd5 Nxd5 11. Nxd5 Qxd5 12. Nxc6 Qxc6 13. c3 Be6 14. Qc2 Rfd8 15. Rfd1 Bd5 16. Rd2 Qe6 17. Qd3 Rd7 18. Kf2 Rad8 19. Rad1 a6 20. Qc2 b5 21. b3 Bc6 22. Rxd7 Rxd7 23. Rxd7 Qxd7 24. c4 bxc4 25. Bxc4 Bb7 26. Qd3 Qc8 27. Bd4 e5 28. Be3 a5 1/2-1/2

[Event "Bassano del Grappa Easter op-A 2nd"]
[Site "Bassano del Grappa"]
[Date "2022.04.14"]
[Round "2"]
[White "Flir, Emilio"]
[Black "Mahitosh, Dey"]
[Result "0-1"]
[WhiteElo "1865"]
[BlackElo "2233"]
[PlyCount "108"]
[EventDate "2022.04.14"]
[EventType "swiss"]
[EventRounds "9"]
[EventCountry "ITA"]
[SourceTitle "EXT 2024"]
[Source "ChessBase"]
[SourceDate "2023.10.10"]
[SourceVersion "1"]
[SourceVersionDate "2023.10.10"]
[SourceQuality "1"]

1. e4 e5 2. Nf3 Nf6 3. Nc3 Nc6 4. Bb5 Bb4 5. 0-0 0-0 6. d3 d6 7. Bg5 Bxc3 8. bxc3 Ne7 9. h3 Ng6 10. Nh2 h6 11. Be3 Be6 12. Re1 c6 13. Ba4 Qa5 14. Bb3 Qxc3 15. Rb1 b5 16. Bd2 Qc5 17. Bxe6 fxe6 18. Bb4 Qb6 19. Bxd6 Rf7 20. Nf3 Nd7 21. d4 exd4 22. Qxd4 Nh4 23. Red1 Nxf3+ 24. gxf3 Rxf3 25. Kg2 Rf7 26. Bg3 Qxd4 27. Rxd4 Nc5 28. Rd6 Nxe4 29. Rxc6 Nxg3 30. fxg3 Rd8 31. Rxe6 Rd2+ 32. Kg1 Rff2 33. Re3 Rg2+ 34. Kh1 a6 35. Ra3 Rxc2 36. Rxa6 Rxg3 37. Rxb5 Rxh3+ 38. Kg1 Rd3 39. Rb1 h5 40. Ra8+ Kh7 41. Ra5 Kh6 42. Ra6+ g6 43. a4 h4 44. Ra8 h3 45. Rh8+ Kg5 46. Rg8 Rg3+ 47. Kh1 Rgg2 48. Rg1 Rxg1+ 49. Kxg1 Kf5 50. a5 g5 51. a6 Ra2 52. Rh8 Kg4 53. a7 Kg3 54. Kf1 Ra1+ 0-1

[Event "Innsbruck op 5th"]
[Site "Innsbruck"]
[Date "2021.08.25"]
[Round "6"]
[White "Flir, Emilio"]
[Black "Scheuermann, Bernhard"]
[Result "1/2-1/2"]
[WhiteElo "1841"]
[BlackElo "2066"]
[PlyCount "108"]
[EventDate "2021.08.21"]
[EventType "swiss"]
[EventRounds "9"]
[EventCountry "AUT"]
[SourceTitle "CBM 204 Extra"]
[Source "ChessBase"]
[SourceDate "2021.11.30"]
[SourceVersion "1"]
[SourceVersionDate "2021.11.30"]
[SourceQuality "1"]

1. d4 Nf6 2. Nf3 g6 3. c4 Bg7 4. Nc3 d5 5. Bf4 0-0 6. e3 c5 7. dxc5 Ne4 8. Qb3 Qa5 9. Rc1 Nxc3 10. bxc3 dxc4 11. Bxc4 Qxc5 12. 0-0 Nc6 13. Qb5 Qxb5 14. Bxb5 Be6 15. Bxc6 bxc6 16. a3 Bc4 17. Rfd1 f6 18. Bc7 Rfc8 19. Rd7 Bf8 20. Bg3 e5 21. a4 Be6 22. Rb7 Rcb8 23. Rcb1 Bd6 24. Nd2 Bc8 25. Rxb8 Rxb8 26. Rxb8 Bxb8 27. Nc4 Kf7 28. f3 Ke6 29. e4 Ba6 30. Na5 Kd6 31. Bf2 Bc7 32. Nb3 Bb6 33. Bxb6 axb6 34. Kf2 Bc4 35. Nd2 Be6 36. Ke1 c5 37. Kd1 Bd7 38. Nc4+ Kc7 39. Nb2 Kb7 40. Kc2 Ka6 41. Kb3 Be6+ 42. c4 Kb7 43. Nd3 Kc6 44. h4 Kd6 45. Kc3 Bd7 46. Kb3 f5 47. Nf2 h5 48. Nh3 fxe4 49. fxe4 Bg4 50. Nf2 Be2 51. Kc3 Ke6 52. Nd3 Bd1 53. a5 bxa5 54. Nxc5+ Ke7 1/2-1/2

[Event "AUT-ch Zwisch Internet"]
[Site "Playchess.com INT"]
[Date "2020.05.02"]
[Round "2"]
[White "Flir, Emilio"]
[Black "Kruckenhauser, Arthur"]
[Result "0-1"]
[WhiteElo "1843"]
[BlackElo "2233"]
[PlyCount "66"]
[EventDate "2020.05.02"]
[EventType "swiss (blitz)"]
[EventRounds "13"]
[EventCountry "AUT"]
[SourceTitle "CBM 195 Extra"]
[Source "ChessBase"]
[SourceDate "2020.05.31"]
[SourceVersion "1"]
[SourceVersionDate "2020.05.31"]
[SourceQuality "1"]

1. d4 Nf6 2. Nf3 c5 3. c4 cxd4 4. Nxd4 b6 5. Nc3 Bb7 6. f3 d6 7. e4 e6 8. Be3 Be7 9. Be2 a6 10. 0-0 Nbd7 11. Rc1 0-0 12. Qd2 Qc7 13. Rfd1 Rac8 14. b3 Rfe8 15. Bf1 Qb8 16. Nde2 h6 17. Bf4 Ne5 18. Be3 Bf8 19. Na4 b5 20. cxb5 axb5 21. Nb6 Rcd8 22. Nc3 b4 23. Ne2 Nfd7 24. Nxd7 Nxd7 25. Nd4 d5 26. exd5 Bxd5 27. Bc4 Ba8 28. Qf2 Ne5 29. Bf4 Nxf3+ 30. Nxf3 Qxf4 31. Rxd8 Rxd8 32. Rf1 Rc8 33. Be2 Bc5 0-1

[Event "AUT-ch Vor3 Internet"]
[Site "Playchess.com INT"]
[Date "2020.04.17"]
[Round "3"]
[White "Flir, Emilio"]
[Black "Alvir, Aco"]
[Result "0-1"]
[WhiteElo "1843"]
[BlackElo "2338"]
[PlyCount "132"]
[EventDate "2020.04.17"]
[EventType "swiss (blitz)"]
[EventRounds "9"]
[EventCountry "AUT"]
[SourceTitle "CBM 195 Extra"]
[Source "ChessBase"]
[SourceDate "2020.05.31"]
[SourceVersion "1"]
[SourceVersionDate "2020.05.31"]
[SourceQuality "1"]

1. d4 Nf6 2. c4 g6 3. Nf3 Bg7 4. Nc3 0-0 5. g3 d6 6. Bg2 c6 7. 0-0 Qa5 8. Bd2 Qh5 9. Re1 Bh3 10. e4 Bg4 11. e5 Nfd7 12. exd6 exd6 13. Be3 Nf6 14. Bf4 Rd8 15. Re7 Nbd7 16. Bxd6 Bf8 17. Rxd7 Rxd7 18. Bxf8 Rxf8 19. Qd3 Qf5 20. Qxf5 Bxf5 21. Rd1 Rfd8 22. Ne2 Bc2 23. Rd2 Be4 24. Ne5 Re7 25. f4 Bxg2 26. Kxg2 Ne4 27. Rd3 f6 28. Ng4 Kg7 29. Ne3 Nc5 30. Rc3 Rde8 31. Kf3 Ne4 32. Rd3 a5 33. Nc3 Nxc3 34. Rxc3 Kf7 35. d5 c5 36. Rd3 Re4 37. b3 Rd4 38. Ke2 Rxd3 39. Kxd3 b6 40. Nc2 Ke7 41. Ne3 Kd6 42. Ng4 Rf8 43. Ne3 h5 44. h4 f5 45. a4 Re8 46. Kd2 Re4 47. Kd3 Rd4+ 48. Kc2 Ke7 49. Kc3 Kf6 50. Kc2 Ke7 51. Kc3 Kf6 52. Kc2 g5 53. hxg5+ Kg6 54. Kc3 h4 55. gxh4 Rxf4 56. Kd3 Rd4+ 57. Kc3 Rxh4 58. d6 f4 59. Nd5 Rh3+ 60. Kd2 Kxg5 61. d7 Rh8 62. Nxb6 Rd8 63. Ke2 Kg4 64. Kf2 f3 65. Kf1 Kg3 66. Kg1 Rh8 0-1

[Event "AUT-ch Vor3 Internet"]
[Site "Playchess.com INT"]
[Date "2020.04.17"]
[Round "4"]
[White "Lammer, Michael"]
[Black "Flir, Emilio"]
[Result "0-1"]
[WhiteElo "1501"]
[BlackElo "1843"]
[PlyCount "32"]
[EventDate "2020.04.17"]
[EventType "swiss (blitz)"]
[EventRounds "9"]
[EventCountry "AUT"]
[SourceTitle "CBM 195 Extra"]
[Source "ChessBase"]
[SourceDate "2020.05.31"]
[SourceVersion "1"]
[SourceVersionDate "2020.05.31"]
[SourceQuality "1"]

1. e4 c5 2. Bc4 e6 3. Nc3 Nc6 4. Nf3 a6 5. d4 cxd4 6. Nxd4 Qc7 7. Nxc6 bxc6 8. 0-0 Nf6 9. f3 d5 10. exd5 cxd5 11. Bb3 Bd6 12. h3 0-0 13. Re1 Bc5+ 14. Kh1 Nh5 15. g4 Qg3 16. gxh5 Qxh3# 0-1

[Event "AUT-ch Vor1 Internet"]
[Site "Playchess.com INT"]
[Date "2020.04.11"]
[Round "2"]
[White "Flir, Emilio"]
[Black "Lammer, Michael"]
[Result "1-0"]
[WhiteElo "1843"]
[BlackElo "1499"]
[PlyCount "81"]
[EventDate "2020.04.11"]
[EventType "swiss (blitz)"]
[EventRounds "9"]
[EventCountry "AUT"]
[SourceTitle "CBM 195 Extra"]
[Source "ChessBase"]
[SourceDate "2020.05.31"]
[SourceVersion "1"]
[SourceVersionDate "2020.05.31"]
[SourceQuality "1"]

1. d4 d5 2. c4 e6 3. Nc3 Nf6 4. cxd5 Nxd5 5. e4 Nxc3 6. bxc3 Be7 7. Nf3 0-0 8. Bd3 a6 9. 0-0 Nc6 10. Be3 Bd7 11. Re1 f5 12. exf5 exf5 13. Qb3+ Kh8 14. Bf4 Na5 15. Qc2 g6 16. Be5+ Kg8 17. a4 Nc6 18. Bc4+ Rf7 19. Bxf7+ Kxf7 20. Qb3+ Be6 21. Qc2 Bd5 22. Nd2 Nxe5 23. Rxe5 Bf6 24. Re2 Qd7 25. Rae1 Qc6 26. f3 Rd8 27. Kh1 h5 28. c4 Bxd4 29. Re7+ Kf6 30. Qd3 Bc5 31. R7e5 Bf7 32. Qxd8+ Kg7 33. Qd3 h4 34. Qc3 Kh7 35. Re7 Kg8 36. Rxf7 Kxf7 37. Qe5 Bf2 38. Qe7+ Kg8 39. Re6 Qxa4 40. Rxg6+ Kh8 41. Qg7# 1-0

[Event "AUT-ch Vor1 Internet"]
[Site "Playchess.com INT"]
[Date "2020.04.11"]
[Round "6"]
[White "Flir, Emilio"]
[Black "Ragger, Anna Christina"]
[Result "0-1"]
[WhiteElo "1843"]
[BlackElo "2204"]
[PlyCount "90"]
[EventDate "2020.04.11"]
[EventType "swiss (blitz)"]
[EventRounds "9"]
[EventCountry "AUT"]
[SourceTitle "CBM 195 Extra"]
[Source "ChessBase"]
[SourceDate "2020.05.31"]
[SourceVersion "1"]
[SourceVersionDate "2020.05.31"]
[SourceQuality "1"]

1. d4 d5 2. c4 e6 3. Nc3 a6 4. cxd5 exd5 5. Nf3 Nf6 6. Bg5 c6 7. e3 h6 8. Bh4 Be7 9. Bd3 Be6 10. 0-0 Nbd7 11. Re1 0-0 12. Rc1 Re8 13. Bb1 Nf8 14. Ne5 N6d7 15. Bxe7 Qxe7 16. Nxd7 Qxd7 17. e4 dxe4 18. Nxe4 Bd5 19. Ng3 Rxe1+ 20. Qxe1 Re8 21. Qd2 Qe6 22. Bf5 Qf6 23. Qb4 b5 24. Qc3 g6 25. Bb1 Kg7 26. h3 Qe6 27. Kf1 Qd6 28. Re1 Rxe1+ 29. Qxe1 Ne6 30. Qe5+ Qxe5 31. dxe5 Nf4 32. Be4 Bc4+ 33. Ke1 Bxa2 34. Bxc6 Bd5 35. Bxd5 Nxd5 36. Kd2 Kf8 37. Ne4 Ke7 38. g3 g5 39. Kd3 a5 40. Nc5 f6 41. exf6+ Kxf6 42. Ke4 Nb6 43. Nb7 a4 44. Kd4 b4 45. Kc5 a3 0-1

[Event "AUT-ch U18"]
[Site "Sankt Veit an der Glan"]
[Date "2019.04.16"]
[Round "5"]
[White "Pellizzari, Sebastian"]
[Black "Flir, Emilio"]
[Result "1/2-1/2"]
[WhiteElo "1597"]
[BlackElo "1790"]
[PlyCount "79"]
[EventDate "2019.04.14"]
[EventType "swiss"]
[EventRounds "7"]
[EventCountry "AUT"]
[SourceTitle "CBM 190 Extra"]
[Source "ChessBase"]
[SourceDate "2019.07.15"]
[SourceVersion "1"]
[SourceVersionDate "2019.07.15"]
[SourceQuality "1"]

1. d4 d5 2. c4 c6 3. Nf3 Nf6 4. e3 e6 5. b3 Nbd7 6. Nbd2 Bd6 7. Bb2 0-0 8. Ne5 Ne4 9. Bd3 Nxd2 10. Qxd2 Bxe5 11. dxe5 f6 12. cxd5 cxd5 13. exf6 Nxf6 14. 0-0 a5 15. Qc3 Bd7 16. h3 Rc8 17. Qd4 Re8 18. f4 Qe7 19. a3 Bc6 20. b4 axb4 21. axb4 Qd7 22. Ra5 Ra8 23. Rfa1 Rxa5 24. Rxa5 Qc7 25. Ra7 Re7 26. b5 Be8 27. g4 Nd7 28. Ba3 Rf7 29. Ra8 Rf8 30. Bxf8 Qc1+ 31. Bf1 Kxf8 32. Ra1 Qc7 33. Qd3 Bg6 34. Ra8+ Kf7 35. Qa3 Be4 36. Bd3 Bxd3 37. Qxd3 Qc1+ 38. Kf2 Nc5 39. Qe2 Qh1 40. Qf3 1/2-1/2

[Event "AUT-ch U18"]
[Site "Sankt Veit an der Glan"]
[Date "2019.04.14"]
[Round "1"]
[White "Wagner, Leopold Franziskus"]
[Black "Flir, Emilio"]
[Result "0-1"]
[WhiteElo "2017"]
[BlackElo "1790"]
[PlyCount "98"]
[EventDate "2019.04.14"]
[EventType "swiss"]
[EventRounds "7"]
[EventCountry "AUT"]
[SourceTitle "CBM 190 Extra"]
[Source "ChessBase"]
[SourceDate "2019.07.15"]
[SourceVersion "1"]
[SourceVersionDate "2019.07.15"]
[SourceQuality "1"]

1. e4 e6 2. d4 d5 3. Nc3 dxe4 4. Nxe4 Nd7 5. Nf3 Ngf6 6. Nxf6+ Nxf6 7. Bg5 Be7 8. c3 h6 9. Bh4 0-0 10. Qc2 a6 11. Bd3 b5 12. 0-0-0 Bb7 13. Bxf6 Bxf6 14. Ne1 Qe7 15. Be4 Bxe4 16. Qxe4 c5 17. dxc5 Qxc5 18. Nd3 Qc7 19. h4 Rac8 20. Kb1 Qc4 21. Qe3 a5 22. Rc1 Rfd8 23. Rhd1 Qxh4 24. f4 Qg4 25. g3 Rd5 26. Nf2 Qg6+ 27. Ka1 Rcd8 28. Rxd5 exd5 29. Rd1 b4 30. cxb4 Qc2 31. Rb1 axb4 32. Ng4 Ra8 33. Nxf6+ gxf6 34. Rc1 Qa4 35. a3 bxa3 36. b3 Qe4 37. Qxe4 dxe4 38. f5 h5 39. Re1 Re8 40. Rh1 e3 41. Ka2 Kg7 42. Kxa3 Kh6 43. Kb4 e2 44. Re1 Kg5 45. Kc3 Kg4 46. Kd2 Kf3 47. Rh1 Rd8+ 48. Kc2 Kg2 49. Re1 Kf2 0-1